|
|
|
แสดงรายละเอียดบรรณานุกรม |
|
|
Brief Record
: Get Marc (ISO 2709)
: E-mail record
: |
|
|
| LEADER 00000nam 2200000uu 4500 | |||
| 001 53032 | |||
| 003 ULIBM | |||
| 008 201021s||||||||th 000 0 tha d | |||
| 020 ^a 978616236527 | |||
| 082 0 ^a 420.76 ^bอ-ค | |||
| 100 0 ^a อภิรัชต์ อัครพัฒนวงษ์ | |||
| 245 00 ^a คู่มือเรียน-สอบ Eng O - NET ม. 3/^cอภิรัชต์ อัครพัฒนวงษ์ | |||
| 260 ^a นนทบุรี:^bธิงค์ บียอนด์ บุ๊คส์,^c 2557 | |||
| 300 ^a 240 หน้า | |||
| 541 ^a 190 บาท | |||
| 650 0 ^a ภาษาอังกฤษ^xข้อสอบและเฉลย | |||
| 999 ^ananthaya | |||
| คุณยังไม่ได้ล็อกอิน คุณสามารถมีกิจกรรมร่วมกับเว็บไซต์ได้ แต่ต้องล็อกอินก่อน :: |
|
| สถานะ | |||||||||
| 1. | หนังสือ | 420.76 อ-ค ฉ.1 Barcode: 081658 | ►หนังสือทั่วไป | On Shelf ขอยืม | |||||
| 2. | หนังสือ | 420.76 อ-ค ฉ.2 Barcode: 081659 | ►หนังสือทั่วไป | On Shelf ขอยืม | |||||
| 3. | หนังสือ | 420.76 อ-ค ฉ.3 Barcode: 083043 | ►หนังสือทั่วไป | On Shelf ขอยืม | |||||
| 4. | หนังสือ | 420.76 อ-ค ฉ.4 Barcode: 083587 | ►หนังสือทั่วไป | On Shelf ขอยืม | |||||
| [แสดง 4/4 รายการ] | |||||||||

| รายการใกล้เคียง หัวเรื่อง [ภาษาอังกฤษ ข้อสอบและเฉลย]
|
BibComment |
| คอมเมนท์ทรัพยากรรายการนี้ |
|
|
ห้องสมุดโรงเรียนสามัคคีวิทยาคม
159 ถ.บรรพปราการ ต.เวียง อ.เมือง จ.เชียงราย 57000
โทร. 053-711018 โทรสาร 053-713003